000 00427nam a22001697a 4500
003 NUST - PNEC
005 20170116181037.0
008 150919b xxu||||| |||| 00| 0 eng d
020 _a-
040 _cLIBRARY
082 _a621.483 KOP
100 _911472
_aKopelman, Bernard
245 _aMaterials for nuclear reactors
_cBernard Kopelman
260 _cc.1959
650 _911475
_aNuclear reactors
_xEL
942 _2ddc
_cBK
999 _c67992
_d67992